| 000 | 00376nam a2200145Ia 4500 | ||
|---|---|---|---|
| 008 | 231129s1998||||xx |||||||||||||| ||spa|| | ||
| 020 | _a84-8265-039-4 | ||
| 040 | _bspa | ||
| 082 | _a878.9 A655a | ||
| 100 | _aApuleyo Lucio | ||
| 245 | 0 | _aEl asno de oro | |
| 260 | _c1998 | ||
| 264 | _aClub Internacional del Libro | ||
| 942 |
_2ddc _cBKS |
||
| 999 |
_c10315 _d10315 |
||